[Event "52nd Iran-ch Men Final 2019"]
[Site "Bushehr"]
[Date "2019.01.24"]
[Round "1.1"]
[White "Firouzja, Alireza"]
[Black "Tahbaz, Arash"]
[Result "1/2-1/2"]
[WhiteElo "2618"]
[BlackElo "2468"]
[Annotator "TA"]
[PlyCount "99"]
[EventDate "2019.01.24"]
[EventType "tourn"]
[EventCountry "IRI"]
[SourceTitle "playchess.com"]
[Source "ChessBase"]
[SourceQuality "1"]

{[%evp 9,99,-4,-2,-31,-33,-27,-25,0,13,0,0,-5,12,12,11,11,14,10,11,13,28,0,8,0,0,0,0,-59,-60,-49,-64,-77,-62,-149,-149,-872,-883,-877,-829,-834,-826,-808,-102,-103,-82,-102,0,0,0,-729,-454,-979,-966,-1015,-697,-684,-671,-990,-601,-594,-585,-562,-566,-540,-533,-605,-583,-791,-792,-1030,-679,-917,-864,-972,-943,-932,-920,-771,-822,-5069,-5065,-1202,-812,-500,0,0,0,0,0,0,0,0]} 1. c4 e5 2. Nc3 Nf6 3. Nf3 Nc6 4. e3 Bb4 5. Qb3 e4 (5... Bxc3 6. Qxc3 Qe7 7. Be2 d5 8. O-O d4 9. exd4 exd4 10. Qa3 Qxa3 11. bxa3 Bf5 12. Re1 O-O-O 13. Bb2 Rhe8 14. Bf1 Be4 15. Ng5 {1-0 (62) Short,N (2698)-Rublevsky,S (2693) Poikovsky 2012}) 6. Ng5 {A28: English Opening: Four Knights Variation} Bxc3 7. Qxc3 h6 $146 ({Predecessor:} 7... O-O 8. b3 d6 9. Bb2 Ne5 10. Qc2 Bf5 11. f4 Ned7 12. O-O-O Ng4 13. Be2 {1-0 (37) Eliseev,A (2424)-Kurilov,V (2316) St Petersburg 2007}) 8. Nh3 {Black has an edge.} O-O 9. Nf4 d5 10. cxd5 Nxd5 11. Nxd5 Qxd5 12. b3 Be6 13. Bb2 {[%csl Gb2][%cal Rc3g7]} f6 14. Bc4 Qf5 15. d3 (15. d4 $5 {[%cal Rg2g4]}) 15... Rfe8 16. dxe4 Qxe4 17. f3 Qg6 18. Bb5 (18. O-O $11) 18... Qxg2 $15 19. O-O-O Rad8 $1 $36 {[%cal Rd8d1][%mdl 2048] aiming for ...Rxd1+. Black has some pressure.} (19... Qxf3 $6 20. Rhg1 $16) 20. Rdg1 Qxf3 {[#] Hoping for ...Rd6.} 21. Rf1 (21. Be2 $1 $15 {[%mdl 512]} Qf2 (21... Qxe2 22. Rxg7+) 22. Qxf6 Qxf6 23. Bxf6) 21... Qe4 $1 $17 22. Rhg1 $2 {[%mdl 8192] [#]} (22. Bxc6 $17 bxc6 23. Rhg1) 22... Nb4 $1 $19 {[%cal Rb4a2]} 23. Rxg7+ Kh8 {[%cal Rb4a2]} 24. Qxb4 Qxb4 25. Bxf6 Qa3+ $2 (25... Qxb5 26. Rg5+ Kh7 27. Rxb5 $14) (25... Qc5+ 26. Bc4 $11) (25... Qd2+ $1 $19 {has better winning chances.} 26. Kb1 Bf5+ $1 {[%mdl 512]} 27. Ka1 Re6 28. Rg2+ Rxf6 29. Rxd2 Rxd2) 26. Kb1 $17 {[#]} Bf5+ $1 {[%mdl 64] Discovered Attack} 27. e4 {[#] Re7+ would kill now.} (27. Rxf5 Rd1+) 27... Re6 (27... Bxe4+ $6 28. Ka1 $11) (27... Rd6 $1 $17 28. Bc3 Rd4 $1 {[%mdl 512]} 29. Bxe8 Bxe4+ 30. Ka1 Kxg7 31. Bxd4+ Kh7) 28. Bc3 $1 $11 Rxe4 {[%cal Re4e1]} 29. Rxc7+ $2 {[%mdl 8192] [#]} (29. Rgg1+ $11 Rdd4 30. Rxf5) 29... Rdd4 $1 {[%cal Re4e1]} 30. Ka1 (30. Bd3 $142 Qd6 {[%mdl 64] Double Attack} 31. Rc4 {[%mdl 64] Pin} Re1+ 32. Kb2 Qxh2+ 33. Ka3 Qd6+ 34. Kb2 Qh2+ 35. Ka3 Qd6+ 36. Kb2 Qh2+) (30. Bxd4+ Rxd4+) 30... Kg8 $19 31. Rg1+ Kf8 ({Don't blunder} 31... Kh8 $2 32. Bd3 $18) 32. Rf1 Rd5 33. Bc4 Rf4 34. Re1 {[#]} Rxc4 $1 35. Rxc4 {Black must now prevent Bb4+.} (35. bxc4 Qxc3#) 35... a5 36. Rc7 Rd7 37. Rc8+ Kf7 38. Rc4 b5 39. Rc6 Rd6 40. Rc7+ Kg6 41. Rf1 Rd5 42. Rc6+ Kh5 43. Bg7 Bg6 44. Bf8 b4 45. Rc3 Bf5 {( -> ...Rd2)} ({Weaker is} 45... Rd2 46. Rh3+ Kg4 47. Rg3+ Kh5 48. Rh3+ Kg4 49. Rg3+ Kh5 50. Rh3+ $11) 46. Rc6 {[#]} Rd2 $2 ({Black should try} 46... a4 $1 $19 {[%cal Ra4b3]} 47. Ra6 Bd3 {[%mdl 64] Double Attack} 48. Rxh6+ Kg4) 47. Rxf5+ $11 {The position is equal.} Kg4 {[%csl Gd2][%cal Ra3a2] [#]} (47... Kh4 $5 48. Rf4+ $8 Kh3 49. Rxh6+ Kg2 50. Rg6+ Kh3 51. Rh6+ Kg2 52. Rg6+ Kh3 53. Rh6+ $11) 48. Rf4+ $1 {[%mdl 512]} Kh5 {[%csl Gd2][%cal Ra3a2]} (48... Kxf4 $2 {loses.} 49. Bxh6+ Ke5 50. Bxd2 $18) 49. Rf5+ Kg4 {[%csl Gd2][%cal Ra3a2] [#]} 50. Rf4+ $1 {[%mdl 512] Accuracy: White = 44%, Black = 86%.} 1/2-1/2

[Event "52nd Iran-ch Men Final 2019"]
[Site "Bushehr"]
[Date "2019.01.24"]
[Round "1.2"]
[White "Daghli, Arash"]
[Black "Gholami Orimi, Mahdi"]
[Result "1/2-1/2"]
[WhiteElo "2366"]
[BlackElo "2377"]
[Annotator "NA"]
[PlyCount "54"]
[EventDate "2019.01.24"]
[EventType "tourn"]
[EventCountry "IRI"]
[SourceTitle "playchess.com"]
[Source "ChessBase"]
[SourceQuality "1"]
[TimeControl "40/5400+30:1800+30"]

1. Nf3 {[%emt 0:00:00]} Nf6 {[%emt 0:00:11]} 2. c4 {[%emt 0:00:00]} e6 {[%emt 0:00:19]} 3. Nc3 {[%emt 0:00:00]} d5 {[%emt 0:01:39]} 4. d4 {[%emt 0:00:06]} a6 {[%emt 0:00:33]} 5. cxd5 {[%emt 0:00:32]} exd5 {[%emt 0:00:03]} 6. Bg5 {[%emt 0:00:15]} c6 {[%emt 0:04:34]} 7. e3 {[%emt 0:00:11]} Be6 {[%emt 0:00:10]} 8. Bd3 {[%emt 0:04:19]} Nbd7 {[%emt 0:00:23]} 9. Qc2 {[%emt 0:01:33]} Bd6 {[%emt 0:00:30]} 10. O-O {[%emt 0:06:23]} Qc7 {[%emt 0:02:25]} 11. e4 {[%emt 0:00:30]} dxe4 {[%emt 0:05:23]} 12. Nxe4 {[%emt 0:12:46]} Nxe4 {[%emt 0:01:03]} 13. Bxe4 {[%emt 0:00:09]} h6 {[%emt 0:00:20]} 14. Bh4 {[%emt 0:02:28]} O-O {[%emt 0:01:31]} 15. Rfe1 {[%emt 0:04:58]} Rfe8 {[%emt 0:04:27]} 16. a3 {[%emt 0:00:36]} Nb6 {[%emt 0:09:36]} 17. Ne5 {[%emt 0:13:58]} Bd5 {[%emt 0:03:55]} 18. Bg3 {[%emt 0:20:12]} Bxe4 {[%emt 0:10:49]} 19. Rxe4 {[%emt 0:02:06]} Re7 {[%emt 0:02:22]} 20. Rae1 {[%emt 0:02:14]} Rae8 {[%emt 0:02:54]} 21. Nf3 {[%emt 0:06:52]} Nd5 {[%emt 0:09:58]} 22. Rxe7 {[%emt 0:02:30]} Rxe7 {[%emt 0:00:40]} 23. Rxe7 {[%emt 0:01:55]} Qxe7 {[%emt 0:00:32]} 24. Qf5 {[%emt 0:04:31]} Bxg3 {[%emt 0:05:13]} 25. hxg3 {[%emt 0:00:15]} Qe8 {[%emt 0:00:32]} 26. Ne5 {[%emt 0:02:13]} Nc7 {[%emt 0:02:53]} 27. Nd3 {[%emt 0:04:51]} Ne6 {[%emt 0:00:30]} 1/2-1/2

[Event "52nd Iran-ch Men Final 2019"]
[Site "Bushehr"]
[Date "2019.01.24"]
[Round "1.3"]
[White "Idani, Pouya"]
[Black "Gholami, Aryan"]
[Result "1/2-1/2"]
[WhiteElo "2611"]
[BlackElo "2488"]
[Annotator "TA"]
[PlyCount "144"]
[EventDate "2019.01.24"]
[EventType "tourn"]
[EventCountry "IRI"]
[SourceTitle "playchess.com"]
[Source "ChessBase"]
[SourceQuality "1"]

{[%evp 11,144,14,14,10,21,10,52,19,26,0,0,-5,-10,0,0,0,0,0,0,-12,0,-18,-3,-14,0,0,-4,-43,-12,-14,-13,-18,-13,-14,-6,-17,-5,-38,-17,-14,6,11,11,11,33,24,49,19,42,31,64,75,70,52,70,62,78,56,70,0,46,52,62,68,77,76,66,37,66,63,64,12,185,173,178,206,247,252,235,101,85,55,75,58,66,65,57,52,68,77,79,41,52,42,54,31,47,29,35,12,37,0,3,0,0,0,0,0,0,0,8,0,0,0,0,0,0,-39,-33,-42,-20,-20,-20,-20,-20,-20,-20,-20,-20,-19,0,-27,0,-28,0]} 1. e4 c6 2. d4 d5 3. exd5 cxd5 4. Bd3 Nf6 5. c3 Bg4 6. Qb3 Qc7 {LiveBook: 8 Games} 7. h3 {B13: Caro-Kann: Exchange Variation and Panov-Botvinnik Attack} Bh5 8. Ne2 (8. g4 Bg6 9. Bxg6 hxg6 10. g5 Nfd7 11. Qxd5 e5 12. Ne2 Nc6 13. Be3 Nb6 14. Qe4 O-O-O {0-1 (44) Tukhaev,A (2542)-Mchedlishvili,M (2608) Ankara 2018}) 8... Bxe2 $146 ({Predecessor:} 8... Nc6 9. Bf4 Qd7 10. Nd2 e6 11. O-O Be7 12. Rfe1 O-O 13. Ng3 Bg6 14. Bxg6 hxg6 {0-1 (74) Beckmann,K (2153)-Knechtel,R (2264) Prague 2015}) 9. Bxe2 {White is slightly better.} (9. Bf4 {looks sharper.} Qd7 10. Bxe2 Nc6 11. O-O e6 12. Nd2) 9... e6 10. Na3 a6 11. O-O Bd6 12. c4 Nc6 13. c5 Be7 14. Be3 O-O 15. Nc2 Ne4 16. Bd3 Rad8 17. Rad1 (17. a3 {with more complications.} Bf6 18. Rad1 Rfe8 19. a4 Ne7 20. Rfe1) 17... Bh4 (17... f5 {is more complex.} 18. f3 Ng3 19. Rfe1 Nh5 20. Bf2 Rf6) 18. Bxe4 dxe4 19. Rfe1 Bf6 20. Qc4 Rd5 21. Bc1 b5 22. cxb6 Qxb6 {[%cal Rc6d4]} 23. Rxe4 Rfd8 {[%cal Rc6d4]} 24. Be3 h6 25. Rd3 {[%cal Bd1d3,Bd3c3,Bc3c6][%mdl 32]} Qb5 (25... Na5 {keeps more tension.} 26. Qc3 Qb7 27. b3 Nc6 28. f3 a5) 26. Rc3 Ne7 27. Qxb5 Rxb5 (27... axb5 {seems wilder.} 28. g4 R5d7 29. Rc5 Rb7 30. Nb4 g5) 28. b3 Nf5 29. Rc6 a5 30. g4 Nd6 31. Rf4 Rd5 32. Kg2 Nb5 33. Rc5 Be7 34. Rc4 Nd6 35. Ra4 (35. Rc7 $14 Bf6 36. Rc5) 35... Rc8 36. Na3 g5 37. Rf3 Ne4 38. Nc4 {aiming for Nb6.} Bd8 39. Ne5 (39. Bd2 $5) 39... Nd6 40. Bd2 Rc2 41. Be1 (41. Bc3 $14) 41... Bb6 $2 {[#]} (41... f6 $1 $11 {and Black stays safe.} 42. Nc4 Nxc4 43. bxc4 Rxd4) 42. Rc3 $18 Re2 43. Nc6 Kf8 44. Kf1 Rb2 45. Rd3 (45. Rc1 $18 {and the rest is easy. Bc3 is the strong threat.} Ne4 46. Ne5 Bxd4 47. Nd3 {[%mdl 64] Trapped Piece}) 45... Rb1 $16 46. Ke2 {[%cal Re1a5]} Rc1 $1 {[%cal Rc1c6]} 47. Ne5 Ke8 48. Nc4 Nxc4 49. Rxc4 Ra1 50. Ra4 Kd7 51. Bc3 Rc1 52. Bd2 Ra1 53. Rf3 f5 $1 54. gxf5 exf5 55. Re3 Kd6 56. Re8 (56. Rd3 {with more complications.} Rh1 57. Rc4 f4 58. a4 Kd7 59. b4) 56... Rxd4 57. Rd8+ Bxd8 58. Rxd4+ $11 {[%mdl 4096] Endgame KRB-KRB} Ke7 59. Ra4 Rh1 60. Bxa5 Rxh3 61. Bb4+ Kd7 62. Ra7+ Kc6 63. Bd2 f4 {[%cal Bf5f4,Bf4f3][%mdl 32]} 64. Rf7 h5 {[%cal Bh6h5,Bh5h4][%mdl 32]} 65. Bb4 h4 66. Be7 f3+ 67. Ke3 $1 Bb6+ 68. Ke4 g4 69. Rf6+ Kb7 70. Rf7 {[#] Threatens to win with Bd8+.} Kc6 71. Rf6+ Kb7 72. Rf7 {Strongly threatening Bd8+.} Kc6 {Accuracy: White = 52%, Black = 40%.} 1/2-1/2

[Event "52nd Iran-ch Men Final 2019"]
[Site "Bushehr"]
[Date "2019.01.24"]
[Round "1.4"]
[White "Mosadeghpour, Masoud"]
[Black "Pourramezanali, Amirreza"]
[Result "1/2-1/2"]
[WhiteElo "2517"]
[BlackElo "2528"]
[Annotator "TA"]
[PlyCount "64"]
[EventDate "2019.01.24"]
[EventType "tourn"]
[EventCountry "IRI"]
[SourceTitle "playchess.com"]
[Source "ChessBase"]
[SourceQuality "1"]

{[%evp 29,64,20,25,4,5,8,8,8,7,0,8,8,12,0,0,0,0,0,0,0,0,0,0,0,0,0,0,0,0,0,0,0,0,0,0,0,0]} 1. e4 c5 2. Nf3 g6 3. d4 cxd4 4. Nxd4 Nc6 5. c4 Nf6 6. Nc3 d6 7. Be2 Nxd4 8. Qxd4 Bg7 9. Bg5 O-O 10. Qd2 Be6 11. Rc1 Qa5 12. f3 Rfc8 13. b3 a6 14. Nd5 Qxd2+ 15. Kxd2 Nxd5 16. exd5 {B36: Sicilian: Maroczy Bind: Gurgenidze System} (16. cxd5 Bd7 17. g4 Kf8 18. Bd3 b5 19. Ke2 e6 20. dxe6 Bxe6 21. Rhd1 Rxc1 22. Bxc1 Ke7 23. Bb1 Bc3 {½-½ (70) Filippov,A (2637)-Guseinov,G (2616) Tashkent 2012}) 16... Bd7 {The position is equal.} 17. Bd3 e6 18. dxe6 Bxe6 19. Be4 Rab8 20. Bf4 $146 ({Predecessor:} 20. Ke2 f5 21. Bb1 Re8 22. Kf2 Bd4+ 23. Kg3 Be5+ {½-½ (42) Panarin,M (2437)-Terentiev,V (2387) Krasnodar 2003}) 20... Be5 21. Be3 d5 22. cxd5 Bxd5 23. Rxc8+ Rxc8 24. Bxd5 Rd8 25. Kd3 {[#] Black must now prevent Ke4.} Rxd5+ $11 {[%mdl 4096] Endgame KRB-KRB} 26. Ke4 Ra5 27. f4 f5+ 28. Kf3 Bf6 29. Rc1 Rxa2 30. Rc8+ Kf7 31. Rc7+ Ke6 32. Rxb7 h5 {Accuracy: White = 85%, Black = 97%.} 1/2-1/2

[Event "52nd Iran-ch Men Final 2019"]
[Site "Bushehr"]
[Date "2019.01.24"]
[Round "1.5"]
[White "Darini, Pouria"]
[Black "Moradi, Amirmasoud"]
[Result "1-0"]
[WhiteElo "2475"]
[BlackElo "2321"]
[Annotator "TA"]
[PlyCount "101"]
[EventDate "2019.01.24"]
[EventType "tourn"]
[EventCountry "IRI"]
[SourceTitle "playchess.com"]
[Source "ChessBase"]
[SourceQuality "1"]

{[%evp 24,101,40,46,63,70,79,44,58,0,79,79,72,73,75,46,53,37,74,74,76,68,76,54,91,68,84,69,177,136,136,139,157,133,218,218,218,218,217,217,217,217,217,217,217,217,217,217,244,247,226,199,271,279,363,350,331,0,354,348,372,372,543,588,660,683,1382,1224,1111,1135,1414,1458,1414,1324,1291,1272,1156,735,709,673]} 1. e4 e5 2. Nf3 Nc6 3. Bb5 {[%cal Bf1b5,Bb5a4,Ba4b3,Bb3a2][%mdl 32]} a6 4. Ba4 Nf6 5. O-O Be7 6. d3 b5 7. Bb3 d6 8. a3 O-O 9. Nc3 Na5 {C77: Ruy Lopez: 3...a6 4 Ba4 Nf6, unusual lines} (9... Nb8 10. Ne2 h6 11. Ng3 Re8 12. c3 Bf8 13. Re1 Nbd7 14. d4 Bb7 15. Bc2 g6 16. h4 c5 17. h5 {½-½ (55) Movsesian,S (2629)-Caruana,F (2828) chess.com INT 2019}) 10. Ba2 c5 11. b4 cxb4 12. axb4 Nc6 13. Nd5 {LiveBook: 8 Games} Be6 14. Bd2 Nb8 $146 ({Predecessor:} 14... Nd7 15. h3 h6 16. Bb3 Nb6 17. Ra3 {1-0 (48) Stanciu,A (2348)-Chifor,E (2201) Calimanesti 2015}) 15. Ne3 Nc6 16. Nd5 Nb8 $1 17. Nxf6+ Bxf6 18. Bxe6 fxe6 19. Qb1 Nc6 20. Qb3 Qe8 21. c4 {Hoping for cxb5.} Qd7 22. Ra2 Rfb8 23. Rfa1 Qc8 24. cxb5 Rxb5 25. Qc4 {[#] Strongly threatening Qxb5!} Kf7 (25... Ra7 $1 $14) 26. Rc2 Ne7 27. g4 $36 {[%mdl 2048] Keeping Black busy.} h6 28. h4 g5 (28... Rb7 $16 {might work better.}) 29. Qxc8 $18 Rxc8 30. Rxc8 Nxc8 31. hxg5 Bxg5 32. Nxg5+ hxg5 33. Rxa6 {[%mdl 4096] Endgame KRB-KRN} Kf6 34. Rc6 Rb8 35. Kf1 Na7 36. Rxd6 Nb5 37. Rc6 Nd4 (37... Ra8 {was worth a try.} 38. Be3 Nd4 39. Bxd4 exd4) 38. Rc4 Nf3 39. Ke2 Nd4+ 40. Kf1 Nf3 41. Bc3 Nh2+ 42. Ke2 Ra8 (42... Nxg4 $142 43. Rc5 Ke7) 43. b5 {[%cal Bb4b5,Bb5b6,Bb6b7][%mdl 32] White is clearly winning.} Ra2+ 44. Bd2 Nf1 45. Kxf1 Rxd2 {KR-KR} 46. Rb4 Rxd3 47. b6 Rd8 48. b7 Rb8 49. Ke2 Ke7 50. Rb6 Kd7 51. Kd3 {Accuracy: White = 75%, Black = 51%.} 1-0

[Event "52nd Iran-ch Men Final 2019"]
[Site "Bushehr"]
[Date "2019.01.24"]
[Round "1.6"]
[White "Ghaem Maghami, Ehsan"]
[Black "Khodashenas, Mersad"]
[Result "1/2-1/2"]
[WhiteElo "2533"]
[BlackElo "2455"]
[Annotator "TA"]
[PlyCount "84"]
[EventDate "2019.01.24"]
[EventType "tourn"]
[EventCountry "IRI"]
[SourceTitle "playchess.com"]
[Source "ChessBase"]
[SourceQuality "1"]

{[%evp 12,84,110,99,133,125,125,115,191,102,107,81,89,50,52,47,66,62,58,74,68,43,52,47,64,54,59,55,51,73,146,60,56,38,77,45,53,62,90,95,135,120,139,91,94,86,115,108,94,0,0,0,0,0,0,0,0,0,4,0,0,-4,0,-1,0,-5,0,0,0,0,0,0,0,-8,0]} 1. d4 d5 2. Nf3 Nf6 3. c4 dxc4 4. Nc3 c5 5. d5 Qa5 (5... e6 6. e4 exd5 7. e5 Ne4 8. Nxe4 dxe4 9. Qxd8+ Kxd8 10. Ng5 Be6 11. Nxe6+ fxe6 12. Bxc4 Kd7 13. O-O Nc6 14. Bf4 Rd8 15. Rfe1 Nd4 {1-0 (55) Van Wely,L (2654)-Rausis,I (2578) Rabat 2014}) 6. Bd2 {D24: Queen's Gambit Accepted: 3 Nf3 Nf6 4 Nc3} b5 7. e4 {LiveBook: 3 Games} b4 {[#]} 8. e5 $1 {[%cal Re5f6] White is clearly better.} ({Stronger than} 8. Bxc4 bxc3 9. Bxc3 Qb6 $11) 8... bxc3 $146 ({Predecessor:} 8... Ng4 9. Ne4 Bf5 10. Ng3 c3 11. Nxf5 cxd2+ 12. Qxd2 g6 13. Ne3 Nxe3 14. Qxe3 {½-½ (67) Cerveny,M (1960)-Horak,J (2180) Nachod 2000}) 9. Bxc3 Qd8 (9... Qc7 $16) 10. exf6 ({White should play} 10. Bxc4 $18 {And now d6 would win.} Ne4 11. O-O) 10... exf6 $16 11. Nd2 Bd6 12. Nxc4 O-O 13. Be2 Bb7 14. O-O Qc7 15. g3 $36 {[%mdl 2048] Black is under strong pressure.} Nd7 16. Ba5 Nb6 17. Rc1 Ba6 18. Ne3 Qb7 19. Bxa6 Qxa6 20. Bc3 Rfd8 {[#]} (20... Rad8 $142) 21. Qg4 (21. Nf5 $1 $16 Kh8 22. Nxg7) 21... Kh8 $14 22. a3 Na4 23. Qc4 (23. Rfd1 {is interesting.} Nxc3 24. Rxc3 g6 25. Nc4 Rab8 26. Qf3) 23... Qxc4 24. Nxc4 Nxc3 25. bxc3 Bf8 26. Rfd1 Rd7 27. Rb1 Rad8 28. d6 g6 {[%cal Rf8d6]} 29. Rd5 Kg7 30. g4 ({Of course not} 30. Rxc5 Bxd6 31. Nxd6 Rxd6 $11) ({White should try} 30. h3 $16) 30... Bxd6 $11 {The position is equal.} 31. Nxd6 Rxd6 32. Rxc5 {[%mdl 4096] Endgame KRR-KRR} R8d7 33. Rb4 Ra6 34. a4 Rd1+ 35. Kg2 Ra1 36. Rcc4 Ra2 37. h3 Re6 38. Re4 Rd6 39. Rbd4 Rb6 40. Rb4 Rd6 41. Red4 Re6 42. Re4 Rd6 {Accuracy: White = 57%, Black = 62%.} 1/2-1/2

[Event "52nd Iran-ch Men Final 2019"]
[Site "Bushehr"]
[Date "2019.01.25"]
[Round "2"]
[White "Firouzja, Alireza"]
[Black "Daghli, Arash"]
[Result "1-0"]
[WhiteElo "2618"]
[BlackElo "2366"]
[Annotator "TA"]
[PlyCount "155"]
[EventDate "2019.01.24"]
[EventType "tourn"]
[EventCountry "IRI"]
[SourceTitle "playchess.com"]
[Source "ChessBase"]
[SourceQuality "1"]

{[%evp 17,155,16,22,22,25,18,52,22,22,22,19,26,52,59,61,52,62,58,48,46,57,51,47,33,33,31,29,31,29,29,36,29,35,29,46,35,35,35,44,35,35,36,37,36,64,63,70,70,70,70,70,70,70,0,70,70,70,70,91,91,135,131,170,161,398,400,325,213,216,209,225,223,202,166,210,166,225,224,225,225,225,225,225,225,217,217,225,222,217,203,480,480,924,625,617,615,571,566,557,550,517,323,323,299,323,299,282,260,260,260,316,299,301,301,283,276,386,377,367,287,283,287,276,256,273,275,268,285,265,275,247,266,345,338,29960,29960,5708,5916,12827,12805]} 1. e4 e5 2. Nf3 Nc6 3. Bb5 a6 4. Ba4 Nge7 {[%cal Bg8e7,Be7g6,Bg6h4][%mdl 32]} 5. c3 d6 6. d4 Bd7 7. O-O Ng6 8. Nbd2 Be7 9. Re1 O-O {LiveBook: 77 Games} 10. d5 {C75: Ruy Lopez: Deferred Steinitz: 5 c3 Bd7 6 d4 without ...g6} (10. Bc2 exd4 11. Nxd4 Nxd4 12. cxd4 c5 13. Nb3 c4 14. Nd2 b5 15. Nf1 Bg5 16. Ne3 Ne7 17. Bd2 Nc6 {1-0 (39) Vallejo Pons,F (2716)-Jurcik,M (2473) Batumi 2018}) 10... Nb8 11. Bc2 Nh4 12. b4 $146 {White is slightly better.} ({Predecessor:} 12. Nxh4 Bxh4 13. b4 Bg5 14. c4 f5 15. exf5 Bxd2 16. Bxd2 Bxf5 {½-½ (54) Onischuk,A (2580)-Lobzhanidze,D (2375) Bad Zwesten 1997}) 12... Bg4 13. h3 Nxf3+ 14. Nxf3 Bxf3 15. Qxf3 Bg5 16. Bb2 Nd7 17. a4 a5 18. Qe2 Nb6 19. bxa5 Rxa5 20. c4 Nd7 21. Bc3 Ra7 22. g3 Nc5 23. a5 Qe7 24. h4 Bf6 25. Kg2 h6 26. Rab1 Rfa8 27. Qh5 Ra6 28. Rh1 Qf8 29. Bb4 b6 30. axb6 Rxb6 31. Bxc5 dxc5 32. Rxb6 cxb6 33. Rb1 Qd6 34. Qd1 Bd8 35. Ba4 (35. h5 $14) 35... Bc7 (35... Qg6 $11) 36. h5 Qf6 37. Rb2 g6 38. Rb3 gxh5 ({Wrong is} 38... Rxa4 $2 39. Rf3 $18) 39. Bc6 $1 {[%cal Rc6a8]} Rd8 40. Qxh5 Kf8 $2 (40... Kg7 {keeps fighting.} 41. Ra3 Qg6) 41. Rf3 $18 Qg7 42. Rf5 Rd6 43. Bb5 Rf6 44. Qh4 $1 Rd6 45. Kh1 Rg6 46. Bd7 Rg5 (46... Rd6 $142) 47. Rf3 Qg6 {...Rh5 is the strong threat.} 48. Bf5 Qh5 49. Qxh5 Rxh5+ {[%mdl 4096] Endgame KRB-KRB} 50. Kg2 {Threatens to win with Be6.} Rg5 {[#]} 51. Ra3 $1 Ke7 52. Ra7 Kd6 53. Ra8 Rg7 $2 (53... Ke7 54. g4 Rg7) 54. Re8 b5 (54... Rg5 $142 55. f4 Rxf5) 55. cxb5 c4 {[#]} 56. Rc8 $1 c3 {[#]} 57. b6 $1 {[%mdl 512]} f6 {intending ...c2.} (57... Bxb6 58. Rc6+) 58. b7 ({Less strong is} 58. bxc7 Rxc7 59. Ra8 c2 $18) 58... c2 59. b8=Q Bxb8 60. Rc6+ ({Resist} 60. Rxc2 $6 Rc7 $18) 60... Ke7 61. Rxc2 Rg8 62. Rc6 Bd6 63. Ra6 Rb8 64. Ra7+ Ke8 65. Bd7+ Kf8 66. Be6 Be7 67. Kh3 Rb2 68. f3 h5 69. Ra8+ Kg7 70. Rg8+ Kh7 71. Rc8 Kg7 72. Rc7 Kf8 73. g4 hxg4+ 74. Kxg4 Rg2+ 75. Kh5 {White wants to mate with Rc8+.} Bd8 $2 (75... Rg5+ $18 76. Kh4 Bb4 77. Rf7+ Ke8 78. Rxf6 Rg7) 76. Rf7+ Ke8 77. d6 {[%csl Ge6,Gf7][%cal Rd6d7]} Rh2+ 78. Kg6 {Accuracy: White = 77%, Black = 52%.} 1-0

[Event "52nd Iran-ch Men Final 2019"]
[Site "Bushehr"]
[Date "2019.01.25"]
[Round "2"]
[White "Pourramezanali, Amirreza"]
[Black "Darini, Pouria"]
[Result "0-1"]
[WhiteElo "2528"]
[BlackElo "2475"]
[Annotator "TA"]
[PlyCount "82"]
[EventDate "2019.01.24"]
[EventType "tourn"]
[EventCountry "IRI"]
[SourceTitle "playchess.com"]
[Source "ChessBase"]
[SourceQuality "1"]

{[%evp 22,82,12,18,51,-27,32,14,22,10,34,20,40,0,0,-10,-47,-25,-50,-54,0,0,16,0,23,17,41,26,239,260,206,58,422,404,406,-125,-133,-124,-113,-161,-158,-323,-317,-363,-363,-374,-367,-356,-309,-359,-340,-379,-336,-326,-333,-362,-357,-389,-331,-374,-368,-409,-407]} 1. e4 c5 2. Nf3 Nc6 3. d4 cxd4 4. Nxd4 Nf6 5. Nc3 d6 6. Bc4 e6 7. Be3 a6 8. Bb3 Bd7 9. O-O Be7 10. f4 O-O 11. Qe2 b5 12. a3 {[%cal Ba2a3,Ba3a4][%mdl 32]} Qb8 {B88: Sicilian: Sozin Attack} (12... Qc7 13. f5 Kh8 14. Rad1 Rae8 15. fxe6 Nxd4 16. Bxd4 fxe6 17. h3 Ng8 18. Qd3 Rxf1+ 19. Rxf1 Nf6 20. g4 {½-½ (29) Machotka,J (2349)-Bultman,M (2281) ICCF email 2012}) 13. Rad1 (13. f5 $14) 13... Na5 (13... Nxd4 $1 $11 14. Rxd4 (14. Bxd4 e5 $11) 14... Bc6) 14. Ba2 $146 ({Predecessor:} 14. Bf2 Nxb3 15. cxb3 b4 16. axb4 Qxb4 17. Bh4 {½-½ (71) Habes,J (1704)-Somogyi,G (1758) LSS email 2014}) 14... Rc8 {The position is equal.} 15. Bc1 {And now e5 would win.} Nc4 16. Kh1 Be8 17. a4 Qb7 18. e5 dxe5 19. fxe5 Nd7 $1 20. Nf3 Ndb6 ({Better is} 20... Nf8 $15) 21. Rd4 $11 Nd7 {[%cal Bb6d7,Bd7f8,Bf8g6,Bg6h4][%mdl 32]} 22. Rg4 Nf8 23. h4 Kh8 24. Ng5 Bd8 $2 (24... Nd7 $11 {and Black is okay.}) 25. Nce4 $1 $18 (25. Bxc4 Bxg5 26. Bxg5 (26. hxg5 Rxc4 27. Rxc4 bxc4 $11) (26. axb5 Bxc1 27. Rxc1 axb5 $11) 26... Rxc4 $14) 25... Bxg5 26. Rxg5 (26. Nxg5 $6 Rc5 $16) (26. hxg5 Qc7 $11) (26. Bxg5 $18 {Black must now prevent Bxc4.} Bc6 27. Bxc4 Bxe4 28. Qxe4 Qxe4 29. Rxe4 Rxc4 30. Rxc4 bxc4 31. Rxf7) 26... Qe7 $2 {[%mdl 8192]} (26... Bc6 $1 $14 27. Rg4 Bxe4 28. Rxe4 Rc7) 27. Qh5 Ng6 {[#]} 28. Rg3 $2 (28. Rxg6 $1 $18 {[%mdl 512]} f5 (28... fxg6 29. Qg5) 29. exf6 Bxg6 30. Qxg6 (30. fxe7 Bxh5 31. Bxc4 bxc4 $16) 30... Qxf6 31. Rxf6 hxg6 32. Rxg6 (32. Rxe6 Re8 $15)) 28... Qxh4+ $17 29. Qxh4 Nxh4 30. Rh3 Nf5 31. g4 $2 (31. a5 $17 {was necessary.}) 31... Bc6 $19 32. Re1 Nxe5 33. gxf5 exf5 34. Bf4 Nc4 (34... Bxe4+ $2 {[#]} 35. Rxe4 $1 {[%mdl 512]} fxe4 36. Bxe5 $19) 35. Kg1 Bxe4 ({Don't do} 35... fxe4 36. Bxc4 bxc4 37. Rc3 $19) 36. Re2 Rc6 37. Bxc4 bxc4 38. Kf2 Rd8 39. Be5 Rg6 40. Ke3 {Now Reh2 and White clings on.} f6 41. Bf4 {[#]} Bxc2 $1 {Accuracy: White = 35%, Black = 43%.} 0-1